000 00672nam a2200253Ia 4500
003 OSt
005 20220924124107.0
006 a|||||r|||| 00| 0
007 ta
008 220923b |||||||| |||| 00| 0 urd d
020 _c18
024 _a319737
037 _cTextual
040 _aARTS
_cARTS
_burd
041 _2urd
_aurd
082 _aO168,6NWAx, M3
100 _aWaheed M.A Au.
_9194781
245 0 _aBar gardan-e-raawi
260 _aNew Delhi
_b Modern publishing house India
_c1983
300 _a128p.
_ccm.
650 _aURDU PROSE
_926866
942 _hO168,6NWAx, M3
_cTEXL
_2CC
999 _c418349
_d418349